000 00775nam a2200217 i 4500
001 133681
003 ES-MaACL
005 20250831023711.0
007 t|
008 070824s1958 sp ||||1| spa d
100 1 _aMalaparte, Curzio.
_975687
245 1 0 _aTécnica del golpe de Estado :
_bBonaparte, Lenin, Trotsky, Mussolini, Hitler, Kapp, Pilsudski, Primo de Rivera /
_cCurzio Malaparte [seud.] ; [traducción de Julio Gómez de la Serna].
250 _a1ª ed.
260 _aBarcelona :
_bJosé Janés,
_c1958.
300 _a222 p. ;
_c19 cm.
650 7 _aGolpes de Estado
_2embne
_9172059
651 0 _aEuropa-
_xHistoria-
_y1918-1945.
_98609
700 1 _aGómez de la Serna, Julio,
_d1895-1983
_957899
852 _aES-MaACL
_jC-16326
999 _c133681
_d133681